| 000 | 00000nam 2200000za 4500 |
| 001 | 9.800485 |
| 003 | CaOODSP |
| 005 | 20250217135056 |
| 007 | cr ||||||||||| |
| 008 | 150506s2015 xxc|||||o f|0| 0 chi d |
| 020 | |a978-0-660-02196-6 |
| 040 | |aCaOODSP|bfre |
| 043 | |an-cn--- |
| 086 | 1 |aEm20-27/2015Chi2-PDF|zEm20-27/2015Ch-PDF |
| 245 | 00|a[Prestations et réduction des impôts pour les familles (la prestation universelle pour la garde d'enfants)] |h[ressource électronique]. |
| 250 | |a[Édition chinois simplifié]. |
| 260 | |a[Ottawa] : |bEmploi et Développement social Canada, |cc2015. |
| 300 | |a1 p. |
| 500 | |aTitre français fourni par l’éditeur. |
| 500 | |aPublié aussi en français sous le titre : Prestations et réduction des impôts pour les familles (la prestation universelle pour la garde d'enfants). |
| 546 | |aTexte en chinois. |
| 691 | 07|aAllocations familiales|2gcpds |
| 710 | 1 |aCanada.|bEmploi et développement social Canada. |bDirection générale de la politique stratégique et de la recherche. |
| 775 | 08|tPrestations et réduction des impôts pour les familles |w(CaOODSP)9.677646 |
| 791 | |t[Family tax cut and benefits (Universal Child Care Benefit)] |eeng|w(CaOODSP)9.800482 |
| 856 | 40|qPDF|s714 Ko|uhttps://publications.gc.ca/collections/collection_2015/edsc-esdc/Em20-27-2015-Ch.pdf |